Plant tissue culture (Record no. 299)
[ view plain ]
| 000 -LEADER | |
|---|---|
| fixed length control field | 00384nam a2200145 4500 |
| 020 ## - INTERNATIONAL STANDARD BOOK NUMBER | |
| ISBN | 8173810923 |
| 050 ## - CALL NUMBER | |
| Classification number | QK725 |
| Item number | .K86 KUM |
| 100 ## - AUTHOR | |
| Personal name | De, Kalyan Kumar |
| 245 ## - TITLE | |
| Title | Plant tissue culture |
| Statement of responsibility, etc | Kalyan Kumar De. |
| 260 ## - PUBLICATION INFORMATION | |
| Place of publication | Kolkata: |
| Name of publisher | New Central Book Agency Ltd, |
| Year of publication | 2008 |
| 300 ## - DESCRIPTION | |
| Number of Pages | 185pages, iv: |
| Other physical details | illustrations. |
| 500 ## - NOTES | |
| General note | includes index |
| 650 ## - SUBJECTS | |
| Topical Term | plant tissue |
| 942 ## - ADDED ENTRY ELEMENTS (KOHA) | |
| Koha item type | Books |
| Withdrawn status | Lost status | Home library | Current library | Date acquired | Full call number | Accession Number | Koha item type |
|---|---|---|---|---|---|---|---|
| Methodist University Library Wenchi Faculty | Methodist University Library Wenchi Faculty | 18/10/2017 | QK725 .K86 KUM | 36132 | Books | ||
| Methodist University Library Wenchi Faculty | Methodist University Library Wenchi Faculty | 18/10/2017 | QK725 .K86 KUM | 36133 | Books | ||
| Methodist University Library Wenchi Faculty | Methodist University Library Wenchi Faculty | 18/10/2017 | QK725 .K86 KUM | 36134 | Books | ||
| Methodist University Library Wenchi Faculty | Methodist University Library Wenchi Faculty | 18/10/2017 | QK725 .K86 KUM | 36135 | Books |